Modern structural analysis modelling ../ (Record no. 532669)

000 -LEADER
fixed length control field 00323nam a22001337a 4500
003 - CONTROL NUMBER IDENTIFIER
control field NUST
038 ## - RECORD CONTENT LICENSOR
Staff Name M.Ramzan
082 ## - DEWEY DECIMAL CLASSIFICATION NUMBER
Classification number 624.171
Author Mark MAC
100 ## - MAIN ENTRY--PERSONAL NAME
Personal name Macleod, Iain A.
9 (RLIN) 26283
245 ## - TITLE STATEMENT
Title Modern structural analysis modelling ../
260 ## - PUBLICATION, DISTRIBUTION, ETC.
Place of publication, distribution, etc. London:
Name of publisher, distributor, etc. Thomas Tellford,
Date of publication, distribution, etc. 2005.
300 ## - PHYSICAL DESCRIPTION
Extent 191 p, :
942 ## - ADDED ENTRY ELEMENTS (KOHA)
Source of classification or shelving scheme
Koha item type Book
Holdings
Withdrawn status Lost status Source of classification or shelving scheme Damaged status Not for loan Permanent Location Current Location Date acquired Total Checkouts Full call number Barcode Date last seen Price effective from Koha item type
          School of Civil and Environmental Engineering (SCEE) School of Civil and Environmental Engineering (SCEE) 11/27/2019   624.171 MAC NIT-10021 11/27/2019 11/27/2019 Book
© 2023 Central Library, National University of Sciences and Technology. All Rights Reserved.